000 01010 a2200229 4500
001 36420
005 20260407155639.0
008 260407a1993 arg spa d
003 AR-UNSa-BCEJYS
040 _aAR-UNSa-BCEJYS
_bspa
_cAR-UNSa-BCEJYS
080 _a347.962
_xMagistrados. Magistratura. Jueces
245 1 0 _aLos jueces
_p¿Es la justicia un tercio del poder?
020 _a950-9835-15-8
250 _a2a. ed.
264 1 _aBuenos Aires :
_bEdiciones Ciudad Argentina
_c1993
300 _a253 p.
_c20 cm.
505 _a1. ¿Jueces de quién? - 2. El poder de los jueces - 3. Identikit de juez - 4. Jueces guardianes - 5. Jueces y jurisprudencia - 6. Jueces vs. leyes - 7. Jueces vs. fiscales - 8. Jueces politizados - 9. Jueces naturales - 10. Jueces autolimitados - 11. Jueces paralelos - 12. Jueces de facto - 13. Jueces en mora - 14. Jueces privados - 15. Jueces verdaderos -
041 _aspa
942 _cBK
590 _aniveau_biblio:m niveau_hierar:0
100 1 _aDromi, José Roberto
999 _c2649
_d2649